The Congress of Vienna : (Record no. 28544)
[ view plain ]
| 000 -LEADER | |
|---|---|
| fixed length control field | 01236cam a22003254a 4500 |
| 001 - CONTROL NUMBER | |
| control field | 12010225 |
| 003 - CONTROL NUMBER IDENTIFIER | |
| control field | BDDh-ASL |
| 005 - DATE AND TIME OF LATEST TRANSACTION | |
| control field | 20231015030935.0 |
| 008 - FIXED-LENGTH DATA ELEMENTS--GENERAL INFORMATION | |
| fixed length control field | 000516r20001946nyu b 001 0 eng |
| 010 ## - LIBRARY OF CONGRESS CONTROL NUMBER | |
| LC control number | 00041709 |
| 020 ## - INTERNATIONAL STANDARD BOOK NUMBER | |
| International Standard Book Number | 080213744X (pbk.) |
| 040 ## - CATALOGING SOURCE | |
| Original cataloging agency | DLC |
| Transcribing agency | DLC |
| Modifying agency | DLC |
| -- | BDDh-ASL |
| 042 ## - AUTHENTICATION CODE | |
| Authentication code | pcc |
| 043 ## - GEOGRAPHIC AREA CODE | |
| Geographic area code | e-au--- |
| -- | e-fr--- |
| -- | e------ |
| 050 00 - LIBRARY OF CONGRESS CALL NUMBER | |
| Classification number | DC249 |
| Item number | .N5 2000 |
| 082 00 - DEWEY DECIMAL CLASSIFICATION NUMBER | |
| Classification number | 940.27 |
| Edition number | 21 |
| Item number | NIC |
| 100 1# - MAIN ENTRY--PERSONAL NAME | |
| Personal name | Nicolson, Harold, |
| Dates associated with a name | 1886-1968. |
| 245 14 - TITLE STATEMENT | |
| Title | The Congress of Vienna : |
| Remainder of title | a study in allied unity, 1812-1822 / |
| Statement of responsibility, etc. | by Harold Nicolson. |
| 250 ## - EDITION STATEMENT | |
| Edition statement | 1st Grove Press ed. |
| 260 ## - PUBLICATION, DISTRIBUTION, ETC. | |
| Place of publication, distribution, etc. | New York : |
| Name of publisher, distributor, etc. | Grove Press, |
| Date of publication, distribution, etc. | [2000]. |
| 300 ## - PHYSICAL DESCRIPTION | |
| Extent | 312 p. ; |
| Dimensions | 21 cm. |
| 500 ## - GENERAL NOTE | |
| General note | Originally published: New York : Harcourt Brace Jovanovich, 1946. |
| 504 ## - BIBLIOGRAPHY, ETC. NOTE | |
| Bibliography, etc. note | Includes bibliographical references (p. 297-299) and index. |
| 611 20 - SUBJECT ADDED ENTRY--MEETING NAME | |
| Meeting name or jurisdiction name as entry element | Congress of Vienna |
| Date of meeting or treaty signing | (1814-1815) |
| 650 #0 - SUBJECT ADDED ENTRY--TOPICAL TERM | |
| Topical term or geographic name entry element | Napoleonic Wars, 1800-1815 |
| Form subdivision | Treaties. |
| 651 #0 - SUBJECT ADDED ENTRY--GEOGRAPHIC NAME | |
| Geographic name | Europe |
| General subdivision | Politics and government |
| Chronological subdivision | 1789-1815. |
| 906 ## - LOCAL DATA ELEMENT F, LDF (RLIN) | |
| a | 7 |
| b | cbc |
| c | orignew |
| d | 1 |
| e | ocip |
| f | 20 |
| g | y-gencatlg |
| 942 ## - ADDED ENTRY ELEMENTS (KOHA) | |
| Source of classification or shelving scheme | Dewey Decimal Classification |
| Koha item type | Books |
| Withdrawn status | Lost status | Source of classification or shelving scheme | Damaged status | Not for loan | Collection code | Home library | Current library | Shelving location | Date acquired | Source of acquisition | Total Checkouts | Full call number | Barcode | Date last seen | Copy number | Price effective from | Koha item type | Public note |
|---|---|---|---|---|---|---|---|---|---|---|---|---|---|---|---|---|---|---|
| Dewey Decimal Classification | Non-fiction | Asiatic Society Library | Asiatic Society Library | Harrison Collection | 04/19/2022 | Donated by Prof. John B. Harrison | 940.27 NIC | 116489 | 04/19/2022 | C-1 | 04/19/2022 | Books | RARE |